000 00553nam a22002177a 4500
003 OSt
005 20160610184126.0
008 160610b xxu||||| |||| 00| 0 eng d
020 _a0131872486
040 _cDDC
082 _a005.1 ECK 2006
100 _aEckel, Bruce
_99363
245 _aThinking in Java
250 _a4th ed.
260 _aNew Jersey; Prentice Hall, 2006
300 _a1482p; ill: 23.5cm
504 _aIndex included
650 _aComputer programming language
_99364
650 _aJava programming
_94189
942 _2z
_cO_SHELF
999 _c4335
_d4335